MARC

Tag First Indicator Second Indicator Subfields
LEADER 00000cam a2200000 a 4500
001 in00000979621
005 20160130063453.0
008 890629s1989 dcua b 00010 eng
010 |a  89051235  
020 |a 0309046165 
035 |a (OCoLC)21441751 
035 |9 AEV9157AM 
040 |a DLC  |c DLC  |d DAY  |d OCL  |d TXA  |d UtOrBLW 
049 |a TXAM 
090 |a TE7  |b .N25 no. 319 
100 1 |a Daniels, J. Hartley. 
245 1 0 |a Recommended guidelines for redundancy design and rating of two- girder steel bridges /  |c J.H. Daniels, W. Kim, and J.L. Wilson. 
264 1 |a Washington, D.C. :  |b Transportation Research Board, National Research Council,  |c [1989] 
300 |a 142 pages :  |b illustrations ;  |c 28 cm. 
336 |a text  |b txt  |2 rdacontent 
337 |a unmediated  |b n  |2 rdamedia 
338 |a volume  |b nc  |2 rdacarrier 
490 1 |a National Cooperative Highway Research Program report ;  |v 319 
500 |a "October 1989." 
500 |a "Research sponsored by the American Association of State Highway and Transportation Officials in cooperation with the Federal Highway Administration." 
504 |a Includes bibliographical references (pages 40-42). 
650 0 |a Iron and steel bridges  |x Design and construction. 
650 0 |a Iron and steel bridges  |x Maintenance and repair. 
650 0 |a Redundancy (Engineering) 
700 1 |a Kim, W. 
700 1 |a Wilson, John L.,  |d 1946- 
710 2 |a National Research Council (U.S.).  |b Transportation Research Board. 
710 2 |a American Association of State Highway and Transportation Officials. 
710 1 |a United States.  |b Federal Highway Administration. 
830 0 |a Report (National Cooperative Highway Research Program) ;  |v 319. 
999 |a MARS 
999 f f |s 736de077-a7e1-3edd-8f34-11fc566a975a  |i bd02a132-394a-3877-a4f0-a9638516c93e  |t 0 
952 f f |p default  |a Texas A&M University  |b College Station  |c Sterling C. Evans Library  |d Evans: Microforms (3rd floor)  |t 0  |e fiche S 746 no.319  |h Other scheme  |i unmediated -- volume 
952 f f |p ric  |a Texas A&M University  |b Rellis Campus  |c Joint Library Facility  |d Remote Storage  |t 0  |e TE7 .N25 no.319  |h Library of Congress classification  |i unmediated -- volume  |m A14824002380 
998 f f |a TE7 .N25 no.319  |t 0  |l Remote Storage 
998 f f |a fiche S 746 no.319  |t 0  |l Evans: Microforms (3rd floor)